Física & agua / (Registro nro. 11433)

Detalles MARC
000 -LIDER
fixed length control field 00664nam a22002537a 4500
001 - NÚMERO DE CONTROL
Identificador de número de control 000682
003 - IDENTIFICACDOR DE NÚMERO DE CONTROL
control field DO-SdBNP
005 - DATE AND TIME OF LATEST TRANSACTION
control field 20180222115429.0
007 - CAMPOS FIJOS DE DESCRIPCIÓN FÍSICA
fixed length control field 000682
008 - ELEMENTOS DE LONGITUD FIJA
fixed length control field 151210b 2006 sp ac 00| 0 spa d
020 ## - ISBN
International Standard Book Number 8434225107
040 ## - FUENTE DE CATALOGACIÓN
Agencia que crea de manera original el registro BPMSU
Idioma de catalogación spa
Agencia que realiza la transcripción BPMSU
100 1# - ASIENTO PRINCIPAL -- NOMBRE PERSONAL
Nombre personal Nos Aguilá, Oriol
245 10 - MENCIÓN DE TITULO
Título Física & agua /
Mención de responsabilidad Oriol Nos Aguilá
250 ## - MENCIÓN DE EDICION
Mención de edición 4a. ed.
260 ## - PUBLICACIÓN, DISTRIBUCIÓN, ETC. (PIE DE IMPRENTA)
Lugar de publicación, distribución, etc Madrid ;
Nombre del editor, distribuidor, etc. Parramón edicones,
Fecha de publicación, distribución, etc 2006.
300 ## - DESCRIPCIÓN FÍSICA
Extensión 48 p. :
Otros detalles físicos il. ;
Dimensiones 28 cm.
490 0# - MENCIÓN DE SERIES
Mención de serie Pequeño ingeniero
500 ## - NOTA GENERAL
Nota general Incluye glosario.
830 ## - ASIENTO SECUNDARIO DE SERIE--TÍTULO UNIFORME
Título uniforme Pequeño ingeniero
942 ## - ADDED ENTRY ELEMENTS (KOHA)
Source of classification or shelving scheme Dewey Decimal Classification
Koha item type Libros
945 ## - INFORMACIÓN DE PROCESAMIENTO LOCAL
Información de procesamiento local Inventariado, 2018/MFF
956 ## - LOCAL ELECTRONIC LOCATION AND ACCESS (OCLC)
Nombre de host Yngrid Lockward
Número de acceso 10
Existencias
Withdrawn status Lost status Source of classification or shelving scheme Damaged status Not for loan Collection code Home library Current library Date acquired Source of acquisition Cost, normal purchase price Total Checkouts Barcode Date last seen Price effective from Koha item type
    Dewey Decimal Classification       Biblioteca Pública Metropolitana Salomé Ureña Biblioteca Pública Metropolitana Salomé Ureña 09/16/2016 Compra 6900.00   BPMSU16090385 09/16/2016 09/16/2016 Libros